书目信息 |
| 题名: |
吃货的天堂——美国
|
|
| 作者: | 吴晨阳 著 | |
| 分册: | ||
| 出版信息: | 北京 中国地图出版社 2017 |
|
| 页数: | 222页 | |
| 开本: | 23cm | |
| 丛书名: | ||
| 单 册: | ||
| 中图分类: | TS971.2(712) , TS971.2 | |
| 科图分类: | ||
| 主题词: | 饮食--文化--美国 | |
| 电子资源: | ||
| ISBN: | 978-7-5031-9829-8 | |
| 000 | 01092nam0 2200253 450 | |
| 001 | 2368905133 | |
| 005 | 20231128190846.70 | |
| 010 | @a978-7-5031-9829-8@dCNY48.00 | |
| 100 | @a20181129d2017 em y0chiy50 ea | |
| 101 | 0 | @achi |
| 102 | @aCN@b110000 | |
| 105 | @aa z 000yy | |
| 200 | 1 | @a吃货的天堂——美国@Achi huo de tian tang——mei guo@f吴晨阳著 |
| 210 | @a北京@c中国地图出版社@d2017 | |
| 215 | @a222页@c彩照@d23cm | |
| 300 | @a美味天下美食文学系列 | |
| 314 | @a吴晨阳,旅美归国作者,已出版畅销书十余本,其中包括《谢谢你让我如此坚强》、《十年婚姻》等。 | |
| 330 | @a本书将美食文化与烹调艺术有机巧妙地融合在一起。作者曾在美国工作生活多年,对美国有深入的了解。她喜欢旅游交友,感受异国风情,曾自驾走遍美国。作者喜欢美食文化,熟悉美国现状,遍尝美国各地的美食,对包括美食在内的美国文化有着独到精辟的见解。本书从美食角度讲述的美国故事真实而有趣,让我们感受到了另一种文化背景之下美食的妙处。 | |
| 606 | 0 | @a饮食@x文化@y美国 |
| 690 | @aTS971.2(712)@v5 | |
| 690 | @aTS971.2@v4 | |
| 701 | 0 | @a吴晨阳@Awu chen yang@4著 |
| 801 | 0 | @aCN@b山东中教@c20231126 |
| 905 | @aBZT@dTS971.2@e70 | |
| 吃货的天堂——美国/吴晨阳著.-北京:中国地图出版社,2017 |
| 222页:彩照;23cm |
| 美味天下美食文学系列 |
| ISBN 978-7-5031-9829-8:CNY48.00 |
| 本书将美食文化与烹调艺术有机巧妙地融合在一起。作者曾在美国工作生活多年,对美国有深入的了解。她喜欢旅游交友,感受异国风情,曾自驾走遍美国。作者喜欢美食文化,熟悉美国现状,遍尝美国各地的美食,对包括美食在内的美国文化有着独到精辟的见解。本书从美食角度讲述的美国故事真实而有趣,让我们感受到了另一种文化背景之下美食的妙处。 |
| ● |
| 相关链接 |
|
|
|
正题名:吃货的天堂——美国
索取号:TS971.2/70
 
预约/预借
| 序号 | 登录号 | 条形码 | 馆藏地/架位号 | 状态 | 备注 |
| 1 | 2001225082 | 2001225082 | 中教(第二批第二书库)/山东中教(第二批)/1069/ [索取号:TS971.2/70] | 在馆 | |
| 2 | 2001225083 | 2001225083 | 中教(第二批第二书库)/山东中教(第二批)/1069/ [索取号:TS971.2/70] | 在馆 | |
| 3 | 2001225084 | 2001225084 | 中教(第二批第二书库)/山东中教(第二批)/1069/ [索取号:TS971.2/70] | 在馆 | |
| 4 | 2001225085 | 2001225085 | 中教(第二批第二书库)/山东中教(第二批)/1069/ [索取号:TS971.2/70] | 在馆 | |
| 5 | 2001225086 | 2001225086 | 中教(第二批第二书库)/山东中教(第二批)/1069/ [索取号:TS971.2/70] | 在馆 | |
| 6 | 2001225087 | 2001225087 | 中教(第二批第二书库)/山东中教(第二批)/1069/ [索取号:TS971.2/70] | 在馆 | |
| 7 | 2001225088 | 2001225088 | 中教(第二批第二书库)/山东中教(第二批)/1069/ [索取号:TS971.2/70] | 在馆 | |
| 8 | 2001225089 | 2001225089 | 中教(第二批第二书库)/山东中教(第二批)/1069/ [索取号:TS971.2/70] | 在馆 | |
| 9 | 2001225090 | 2001225090 | 中教(第二批第二书库)/山东中教(第二批)/1069/ [索取号:TS971.2/70] | 在馆 | |
| 10 | 2001225091 | 2001225091 | 中教(第二批第二书库)/山东中教(第二批)/1069/ [索取号:TS971.2/70] | 在馆 | |
| 11 | 2001225092 | 2001225092 | 中教(第二批第二书库)/山东中教(第二批)/1069/ [索取号:TS971.2/70] | 在馆 | |
| 12 | 2001225093 | 2001225093 | 中教(第二批第二书库)/山东中教(第二批)/1069/ [索取号:TS971.2/70] | 在馆 | |
| 13 | 2001225094 | 2001225094 | 中教(第二批第二书库)/山东中教(第二批)/1069/ [索取号:TS971.2/70] | 在馆 | |
| 14 | 2001225095 | 2001225095 | 中教(第二批第二书库)/山东中教(第二批)/1069/ [索取号:TS971.2/70] | 在馆 | |
| 15 | 2001225096 | 2001225096 | 中教(第二批第二书库)/山东中教(第二批)/1069/ [索取号:TS971.2/70] | 在馆 | |
| 16 | 2001225097 | 2001225097 | 中教(第二批第二书库)/山东中教(第二批)/1069/ [索取号:TS971.2/70] | 在馆 | |
| 17 | 2001225098 | 2001225098 | 中教(第二批第二书库)/山东中教(第二批)/1069/ [索取号:TS971.2/70] | 在馆 | |
| 18 | 2001225099 | 2001225099 | 中教(第二批第二书库)/山东中教(第二批)/1069/ [索取号:TS971.2/70] | 在馆 | |
| 19 | 2001225100 | 2001225100 | 中教(第二批第二书库)/山东中教(第二批)/1069/ [索取号:TS971.2/70] | 在馆 | |
| 20 | 2001225101 | 2001225101 | 中教(第二批第二书库)/山东中教(第二批)/1069/ [索取号:TS971.2/70] | 在馆 |